000 00342 a2200169 4500
001 186852
020 _a978-85-260-1651-4
040 _cMagnum
100 _aFrança, Mary
240 1 0 _aLindo rubi!
_lpor
245 1 0 _aLindo rubi!
300 _a16
362 0 _a2012
440 1 _aGlobal
697 _aLITERATURA INFANTIL
942 _cBK
999 _c186852
_d186852